Bureaucratic failure and public expenditure /

Bibliographic Details
Main Author: Peirce, William Spangar
Format: Book
Language:English
Published: New York, N.Y. : Academic Press, [1981]
Series:Quantitative studies in social relations.
Subjects:

MARC

Tag First Indicator Second Indicator Subfields
LEADER 00000pam a2200000 a 4500
001 in00000084824
005 20151008054402.0
008 810721s1981 nyu b 00110 eng
010 |a  81010974  
020 |a 0125502206 
035 |a (OCoLC)07672916 
035 |9 AAJ0503AM 
039 0 |a 2  |b 3  |c 3  |d 3  |e 3 
040 |a DLC  |c DLC  |d TXA  |d UtOrBLW 
043 |a n-us--- 
049 |a TXAM  |c [1442044] 
050 0 0 |a HJ7539  |b .P44 
082 0 |a 353.0072  |2 19 
100 1 |a Peirce, William Spangar. 
245 1 0 |a Bureaucratic failure and public expenditure /  |c William Spangar Peirce. 
264 1 |a New York, N.Y. :  |b Academic Press,  |c [1981] 
264 4 |c ©1981 
300 |a xii, 319 pages ;  |c 24 cm. 
336 |a text  |b txt  |2 rdacontent 
337 |a unmediated  |b n  |2 rdamedia 
338 |a volume  |b nc  |2 rdacarrier 
490 1 |a Quantitative studies in social relations 
500 |a Includes index. 
504 |a Bibliography: 299-307. 
650 0 |a Government spending policy  |z United States. 
650 0 |a Expenditures, Public. 
650 0 |a Bureaucracy  |z United States. 
830 0 |a Quantitative studies in social relations. 
999 |a MARS 
999 f f |s 8c40734d-306b-3ae9-93a5-e00a1a5bffec  |i 34d6c3c8-ead7-3552-8ef7-fd2771a123e5  |t 0 
952 f f |p ric  |a Texas A&M University  |b Rellis Campus  |c Joint Library Facility  |d Remote Storage  |t 0  |e HJ7539 .P44  |h Library of Congress classification  |i unmediated -- volume  |m A14806138507 
998 f f |a HJ7539 .P44  |t 0  |l Remote Storage